Подробности
| 000 -МАРКЕР |
| контрольное поле |
02617nam0a2200409 4500 |
| 001 - ИДЕНТИФИКАТОР ЗАПИСИ |
| контрольное поле |
RU\NLR\BIBL_A\012153825 |
| 005 - ИДЕНТИФИКАТОР ВЕРСИИ |
| контрольное поле |
20260408131036.0 |
| 010 ## - МЕЖДУНАРОДНЫЙ СТАНДАРТНЫЙ НОМЕР КНИГИ (ISBN) |
| Номер (ISBN) |
978-5-7621-1057-0 |
| Тираж |
300 |
| 021 ## - НОМЕР ГОСУДАРСТВЕННОЙ РЕГИСТРАЦИИ |
| Код страны |
российская федерация |
| Номер |
2019-80806 |
| Номер Листа государственной регистраци |
КН-П-5866 |
| 035 ## - ДРУГИЕ СИСТЕМНЫЕ НОМЕРА |
| Идентификатор записи |
(RuMoRGB)010134682 |
| 035 ## - ДРУГИЕ СИСТЕМНЫЕ НОМЕРА |
| Идентификатор записи |
(NLR Aleph) 012153825 |
| 100 ## - ДАННЫЕ ОБЩЕЙ ОБРАБОТКИ |
| Данные общей обработки |
20191203d2019 |||y0rusy50 ca |
| 101 0# - ЯЗЫК РЕСУРСА |
| Язык текста, звукозаписи и т.д. |
английский |
| 102 ## - СТРАНА ПУБЛИКАЦИИ ИЛИ ПРОИЗВОДСТВА |
| Страна публикации |
российская федерация |
| 105 ## - ПОЛЕ КОДИРОВАННЫХ ДАННЫХ: ТЕКСТОВЫЕ МАТЕРИАЛЫ, МОНОГРАФИЧЕСКИЕ |
| Кодированные данные о монографическом текстовом документе |
ac z 001zy |
| 200 1# - ЗАГЛАВИЕ И СВЕДЕНИЯ ОБ ОТВЕТСТВЕННОСТИ |
| Основное заглавие |
Global development: challenges of predictability and manageability |
| Сведения, относящиеся к заглавию |
the 19th International Likhachov scientific conference, May 22–24, 2019 |
| Первые сведения об ответственности |
Russian academy of sciences, St. Petersburg intelligentsia congress, St. Petersburg university of the humanities and social sciences |
| Последующие сведения об ответственности |
[scientific editor A. S. Zapesotsky, corresponding member of the Russian academy of sciences, Academician of the Russian academy of education, Dr. sc. (cultural studies), Professor] |
| 210 ## - ПУБЛИКАЦИЯ, РАСПРОСТРАНЕНИЕ И ДР. |
| Место издания, распространения и т.д. |
St. Petersburg |
| Имя издателя, распространителя и т. д. |
SPbUHSS |
| Дата издания, распространения и т.д. |
2019 |
| 215 ## - ФИЗИЧЕСКАЯ ХАРАКТЕРИСТИКА |
| Специфическое обозначение материала и объем |
245, [1] с., [4] л. цв. ил., портр. |
| Другие сведения о физической характеристике |
ил., портр. |
| Размеры |
29 |
| 300 ## - ОБЩИЕ ПРИМЕЧАНИЯ |
| Текст примечания |
В вып. дан.: Мировое развитие: проблемы предсказуемости и управляемости: XIX Международные Лихачевские научные чтения, 22-24 мая 2019 года |
| 320 ## - ПРИМЕЧАНИЯ О НАЛИЧИИ В ДОКУМЕНТЕ БИБЛИОГРАФИИ / УКАЗАТЕЛЯ |
| Текст примечания |
Библиогр. в конце ст. и в подстроч. примеч. |
| 320 ## - ПРИМЕЧАНИЯ О НАЛИЧИИ В ДОКУМЕНТЕ БИБЛИОГРАФИИ / УКАЗАТЕЛЯ |
| Текст примечания |
Указ. в конце кн. |
| 517 1# - ДРУГИЕ ВАРИАНТЫ ЗАГЛАВИЯ |
| Вариант заглавия |
Мировое развитие: проблемы предсказуемости и управляемости |
| Сведения, относящиеся к заглавию |
XIX Международные Лихачевские научные чтения, 22-24 мая 2019 года |
| 541 1# - ПЕРЕВОД ЗАГЛАВИЯ, СДЕЛАННЫЙ КАТАЛОГИЗАТОРОМ |
| Заглавие |
Мировое развитие: проблемы предсказуемости и управляемости |
| Язык заглавия |
русский |
| 606 1# - НАИМЕНОВАНИЕ ТЕМЫ КАК ПРЕДМЕТ |
| Наименование темы |
Гуманитарные науки |
| Формальный подзаголовок |
Съезды, совещания и т.п |
| Системный номер авторитетной/нормативной записи |
2175177 |
| Идентификатор авторитетной/нормативной записи |
RU\NLR\AUTH\661308230 |
| 606 1# - НАИМЕНОВАНИЕ ТЕМЫ КАК ПРЕДМЕТ |
| Наименование темы |
Культура |
| Формальный подзаголовок |
Съезды, совещания и т.п |
| Тематический подзаголовок |
Социально-философские вопросы |
| Системный номер авторитетной/нормативной записи |
2095052 |
| Идентификатор авторитетной/нормативной записи |
RU\NLR\AUTH\661267689 |
| 686 1# - ИНДЕКСЫ ДРУГИХ КЛАССИФИКАЦИЙ |
| Индекс |
С.я431 |
| 686 1# - ИНДЕКСЫ ДРУГИХ КЛАССИФИКАЦИЙ |
| Индекс |
С550.2я431 |
| 686 1# - ИНДЕКСЫ ДРУГИХ КЛАССИФИКАЦИЙ |
| Индекс |
Ч21я431 |
| 702 #1 - ИМЯ ЛИЦА - ВТОРИЧНАЯ ОТВЕТСТВЕННОСТЬ |
| Код отношения |
Редактор |
| Графика поля |
Латинская |
| Материалы, к которым относится поле |
rus |
| Начальный элемент ввода |
Zapesockij |
| Часть имени, кроме начального элемента ввода |
A. S. |
| Даты |
1954- |
| Расширение инициалов личного имени |
Aleksandr Sergeevič |
| Системный номер авторитетной/нормативной записи |
191201 |
| Идентификатор авторитетной/нормативной записи |
RU\NLR\AUTH\770191252 |
| 711 12 - НАИМЕНОВАНИЕ ОРГАНИЗАЦИИ - АЛЬТЕРНАТИВНАЯ ОТВЕТСТВЕННОСТЬ |
| Материалы, к которым относится поле |
eng |
| Начальный элемент ввода |
International Likhachov scientific conference |
| Порядковый номер временной организации и / или порядковый номер ее части |
19 |
| Дата проведения временной организации |
2019 |
| Место проведения временной организации |
Saint Petersburg |
| Графика поля |
Латинская |
| Идентификатор авторитетной/нормативной записи |
RU\NLR\AUTH\880513712 |
| Системный номер авторитетной/нормативной записи |
688062 |
| 712 02 - НАИМЕНОВАНИЕ ОРГАНИЗАЦИИ - ВТОРИЧНАЯ ОТВЕТСТВЕННОСТЬ |
| Код отношения |
Прочие |
| Материалы, к которым относится поле |
eng |
| Начальный элемент ввода |
Russian academy of sciences |
| Графика поля |
Латинская |
| Идентификатор авторитетной/нормативной записи |
RU\NLR\AUTH\881060 |
| Системный номер авторитетной/нормативной записи |
272492 |
| 942 ## - ДОПОЛНИТЕЛЬНЫЕ ЭЛЕМЕНТЫ ЗАПИСИ (АБИС) |
| Тип экземпляра АБИС |
Книга |
| 980 ## - КОЛЛЕКЦИЯ |
| Название коллекции |
Национальная библиография |